Responses for show #6649 - Thursday, July 11, 2013

Ben Ingram game 9.
Mark Japinga game 1.

Contestants

[<< previous game]

Mark Japinga, a legislative researcher from Washington, D.C.

Dawn Owens-Nicholson, a data and statistics consultant from Champaign, Illinois

Ben Ingram, an IT consultant originally from Florence, South Carolina (whose 8-day cash winnings total $176,534)

[next game >>]

Jeopardy! Round responses

WHERE AM I?
SET SAIL FOR THE MOVIES
WAR STORIES
POKER WORDS
THE LAW
GET YOUR "J.D."
    $200 23
Harlem

Mark
    $200 21
Pirates of the Caribbean

Ben
    $200 16
American Revolution

Ben
    $200 18
raise

Ben
    $200 8
embezzlement

Ben
    $200 25
jelly doughnut

Dawn
    $400 24
Louisiana

Ben
    $400 22
Sean Connery

Ben
    $400 17
the War between the States (or the Civil War)

Ben
    $400 20
deal

Ben
    $400 19
hearsay

Ben
    $400 28
job description

Dawn
    $600 4
Woodstock

Ben
    $600 9
(the) king of the world

Ben
    $600 1
Spanish-American War

Ben
    $600 5
flush

Dawn
    $600 13
garnishment

Mark
    $600 12
John Doe

Ben
    $800 6
Detroit

Ben
    $800 10
Amistad

Ben
    $800 2
World War I

Mark
    $800 29
full house

Ben
    $1,600 15
(Ben: What is an adjournment?)

continuance

Ben
    $800 14
juvenile diabetes

Ben
    $1000 7
the Sierra Nevada

Dawn
    $1000 11
Russell Crowe

Mark
    $1000 3
Korean War

Mark
    $1000 30
(Alex: And I always get in trouble when I try to [*]. Never works for me.)

bluff

Triple Stumper
    $1000 26
intestate

Dawn
    $1000 27
(Dawn: What is joie de vivre?)

jeu d'esprit

BenDawn

Scores at the first commercial break (after clue 14):

Ben Dawn Mark
$5,000 $1,600 $3,400

Scores at the end of the Jeopardy! Round:

Ben Dawn Mark
$7,800 $2,200 $3,600

Double Jeopardy! Round responses

19th CENTURY NOVEL QUOTES
ANNIVERSARY GIFTS
(Alex: We'd like you to name the traditional material given for a particular year with [*].)
WORLD HISTORY
MORE THAN AN ATHLETE
A "BAR"RAGE OF CLUES
CURRENT U.S. SENATOR BEFORE & AFTER
    $400 1
Moby-Dick

Ben
    $400 21
paper

Mark
    $400 28
...
[End-of-round signal sounds.]

Berlin

Mark
    $400 12
(Pat) Tillman

Ben
    $400 26
Dirty Harry Reid

Ben
    $800 9
Little Women

Dawn
    $800 20
(Dawn: What is paper?)

wood

Dawn
Triple Stumper
    $800 27
the Gauls

Mark
    $800 11
Jim Brown

Mark
    $800 25
Elizabeth Warren Commision

Mark
    $1200 10
(Ben: What is Oliver Twist?)

Great Expectations

BenMark
    $1200 17
crystals

Triple Stumper
    $3,000 2
Botany Bay

Ben
    $1200 3
Ted Williams

Mark
    $1200 7
(Ben: What is barbarism?)

barbaric

BenMark
    $1200 6
Tommy John McCain

Ben
    $1600 15
Wuthering Heights

Dawn
    $1600 18
silk

Dawn
    $1600 24
Algeria

Mark
    $1600 4
Dikembe Mutombo

Mark
    $1600 13
Barabbas

Ben
    $1600 8
Santa Barbara Boxer

Dawn
    $2000 16
Sense and Sensibility

Dawn
    $10,000 19
(Dawn: Well, I might be crazy, but I'm gonna bet $10,000.)
...
(Alex: Oh, Dawn...
You got it!)
(Dawn: Oh! Wow.)
(Alex: Way to go!
$21,800.)
(Dawn: I'm crazy.)
(Alex: And you must forgive me. That might've been interpreted as being cruel on my part, but I was just so delighted for you. Way to go.)

ruby

Dawn
    $2000 23
Croesus

Triple Stumper
    $2000 5
Curt Schilling

Mark
    $2000 14
Barbizon

Dawn
    $2000 22
"You Can Call Me Al" Franken

Ben

Scores at the end of the Double Jeopardy! Round:

Ben Dawn Mark
$14,400 $21,000 $15,600

[wagering suggestions for these scores]

Final Jeopardy! Round responses

CLASSICAL MUSIC
BenWhat is the 1812 Overture?
$3,600
MarkWhat is the 1812 Overture
$15,599
DawnWhat is I have no idea
$0
the 1812 Overture

Final scores:

Ben Dawn Mark
$18,000 $21,000 $31,199
3rd place: $1,000 2nd place: $2,000 New champion: $31,199

Game dynamics:

Coryat scores:

Ben Dawn Mark
$14,200 $13,000 $15,600
25 R
(including 1 DD),
3 W
(including 1 DD)
12 R
(including 1 DD),
2 W
16 R,
0 W

Combined Coryat: $42,800

The J! Archive is created by fans, for fans. The Jeopardy! game show and all elements thereof, including but not limited to copyright and trademark thereto, are the property of Jeopardy Productions, Inc. and are protected under law. This website is not affiliated with, sponsored by, or operated by Jeopardy Productions, Inc. Join the discussion at JBoard.tv.